Marvel Comics: 100 Tiny Women Quiz Stats

 Plays Quiz Updated Feb 23, 2019

     
Support Sporcle.
Go Orange.
Score 0/100 Timer 08:00
7 Plays Today
% Correct
She-Hulk
90.5%
Storm
85.9%
Scarlet
Witch
84.3%
Wasp
83.2%
Rogue
80.9%
Captain
Marvel
80.8%
Black Widow
79.9%
Squirrel Girl
76.6%
Hela
75.7%
Elektra
74.6%
Spider-
Woman
73.6%
Jane Foster
73.6%
Jean Grey
73.1%
Gamora
72.6%
X-23
72.6%
Mystique
72%
Medusa
71%
Black Cat
70.3%
Jubilee
67.7%
Valkyrie
66%
Kitty Pryde
65.6%
Emma Frost
65.1%
Mantis
64.4%
Domino
64.1%
Tigra
62.3%
Enchantress
60.5%
Nebula
59.4%
Psylocke
57.2%
Invisible
Woman
57.1%
Hellcat
56.3%
Deathstrike
56.2%
Red
She-Hulk
56.1%
Firestar
55%
Jessica
Jones
54.9%
% Correct
Mockingbird
54%
Polaris
53.9%
White Tiger
53.1%
Phoenix
50.3%
Dagger
50.3%
Lady Sif
50.2%
Pepper Potts
49.2%
Viper
48.8%
Dazzler
48.1%
Namorita
47.3%
Magik
44.9%
Mary Jane
Watson
44.6%
Moondragon
43.9%
Gwen Stacy
42.7%
Pixie
42.4%
Blink
42.4%
Vindicator
40.7%
Wolfsbane
40.1%
Namora
39.7%
Misty
Knight
38.8%
Spiral
38.6%
Silver Sable
37.6%
Jocasta
37.2%
Aurora
37.1%
Siryn
36.5%
Crystal
36%
Callisto
34.9%
Titania
34.4%
Angela
33.5%
Feral
33.3%
Lilandra
32.5%
Snowbird
32.1%
Magma
32%
Screaming
Mimi
31.9%
% Correct
Deathbird
31.8%
Dust
30.7%
Boomer
30.1%
Madame
Masque
28.6%
Destiny
28.5%
Moonstone
28.4%
Typhoid
Mary
27.8%
Shanna the
She-Devil
27.7%
Sister
Grimm
27.5%
Vertigo
27.3%
Nova
26.8%
Cloud
26.4%
Thundra
26%
Clea
25.4%
Lady
Bullseye
24.3%
Meggan
23.9%
Stature
22.9%
Firebird
22.9%
Colleen Wing
22.5%
Hepzibah
22.3%
Dinah Soar
21.9%
Sersi
21.1%
Diamondback
20.7%
Princess
Python
19.1%
Lightspeed
15.9%
Marrina
15.5%
Power
Princess
15.2%
Shriek
14.1%
Spitfire
12.1%
Sabra
12%
Revanche
11.4%
Cerise
11%

From the Vault

'R' Cities by Picture

by william2

Most of these cities R probably super expensive to live in.
Remove Ads.
Support Sporcle.
Get the best of Sporcle when you Go Orange. This ad-free experience offers more features, more stats, and more fun while also helping to support Sporcle. Thank you for becoming a member.

Show Comments

Extras

Top Quizzes Today


Score Distribution

Your Account Isn't Verified!

In order to create a playlist on Sporcle, you need to verify the email address you used during registration. Go to your Sporcle Settings to finish the process.

Report this User

Report this user for behavior that violates our Community Guidelines.

Details: